| 000 | 01165nam a2200241Ia 4500 | ||
|---|---|---|---|
| 999 |
_c4364 _d4364 |
||
| 003 | OSt | ||
| 005 | 20200402123115.0 | ||
| 008 | 191128s1964 ag er 000 0 spa d | ||
| 040 |
_aCO-JMCR _cCO-JMCR |
||
| 041 | 1 |
_aspa _heng |
|
| 082 | 0 | 4 |
_a142 .78 / _bG212p |
| 100 | 1 |
_aGaraudy, Roger, _eautor _91168 |
|
| 245 | 1 | 0 |
_aPreguntas a Jean-Paul Sartre : _bprecedidas por una carta abierta / _cRoger Garaudy ; traducción de Hector P. Agosti |
| 260 |
_aBuenos Aires : _bEdiciones Procyon, _c1964 |
||
| 300 |
_a112 páginas ; _c20 cm |
||
| 500 | _aIncluye datos biográficos del autor en solapa. | ||
| 500 | _aTítulo original: Questions a Jean-Paul Sartre, precedees Dúne lettre ouverte | ||
| 505 | 0 | _aCarta abierta a Jean-Paul Sartre -- Existencia y marxismo -- ¿Qué es la dialéctica? -- ¿Qué es la materia? -- ¿La dialéctica es una ley de la naturaleza o una ley del pensamiento? -- ¿En qué se convierte el materialismo histórico? -- ¿No se trata, pues, de transformar el mundo? | |
| 546 | _aTraducido del inglés | ||
| 650 | 1 | 4 |
_aCritica e interpretación Existencialismo _91169 |
| 700 | 1 |
_aAgosti, Hector P., _etraductor _91170 |
|
| 942 |
_2ddc _cBK |
||